00585nam a2200169 a 45000010005000000030009000050080041000140200015000550400028000700820015000981000020001132450030001332600053001633000010002165050172002266500017003981482CO-ViMGA141112s2004 ck r 000 u spa d a9501516415 aCO-ViMGAbspacCO-ViMGA04a153.9 G6531 aGoleman, Daniel10aLa inteligencia emocional aSantafé de Bogotá : bJavier Vergara, c1996 a397 p aEl cerebro emocional 21 - - La naturaleza de la inteligencia emocional 53 - - Inteligencia emocional aplicada 159 - - Oportunidades 223 - - Alfabetismo emocional 267 14aINTELIGENCIA